Bioethics (Record no. 16468)

000 -LEADER
fixed length control field 00468nam a22001937a 4500
003 - CONTROL NUMBER IDENTIFIER
control field OSt
005 - DATE AND TIME OF LATEST TRANSACTION
control field 20170105103441.0
008 - FIXED-LENGTH DATA ELEMENTS--GENERAL INFORMATION
fixed length control field 120424t xxu||||| |||| 00| 0 eng d
020 ## - INTERNATIONAL STANDARD BOOK NUMBER
International Standard Book Number 8131712656
040 ## - CATALOGING SOURCE
Transcribing agency ASAB
050 ## - LIBRARY OF CONGRESS CALL NUMBER
Classification number 174.9, BRO
100 ## - MAIN ENTRY--PERSONAL NAME
Personal name Baruch A Brody
9 (RLIN) 131
245 ## - TITLE STATEMENT
Title Bioethics
Remainder of title Reading & Cases
260 ## - PUBLICATION, DISTRIBUTION, ETC.
Place of publication, distribution, etc. India
Name of publisher, distributor, etc. Pearson
300 ## - PHYSICAL DESCRIPTION
Extent xxi, 371 p. ;
440 ## - SERIES STATEMENT/ADDED ENTRY--TITLE
Title Bioethics Reading & Cases
9 (RLIN) 132
650 ## - SUBJECT ADDED ENTRY--TOPICAL TERM
Topical term or geographic name entry element Bioethics
9 (RLIN) 133
942 ## - ADDED ENTRY ELEMENTS (KOHA)
Source of classification or shelving scheme
Koha item type Book
Holdings
Withdrawn status Lost status Source of classification or shelving scheme Damaged status Not for loan Permanent Location Current Location Date acquired Total Checkouts Full call number Barcode Date last seen Date last checked out Price effective from Koha item type
          Atta-ur-Rahman School of Applied Biosciences (ASAB) Atta-ur-Rahman School of Applied Biosciences (ASAB) 04/24/2012 1 174.9 BRO ASAB723 07/18/2019 03/31/2016 04/24/2012 Reference
© 2023 Central Library, National University of Sciences and Technology. All Rights Reserved.